000 00722nab a2200241 a 4500
005 20210219161358.0
008 991125s1985 mx 000 0 spa u
035 _aUPN01000184010
100 1 _aRuiz Juan, Francisco
222 _aESTUDIOS DE PSICOLOGIA
245 _aVersuñib española del Task and Ego Orientiation in Sport Questionnaire (TEOSQ) adaptado a educación física
260 _aMadrid, España
300 _a179-193
362 0 _a2011 Vol. 32, no. 2, jun.
653 0 _aEDUCACION FISICA
653 0 _aPROPIEDADES PSICOMETRICAS
653 0 _aORIENTACIONES DE EGO
700 1 _aPiéron, Maurice,
700 1 _ecoaut.
700 1 _aZamarripa, Jorge,
700 1 _ecoaut.
905 _aArticulo
999 _c156113
_d156113